000 00381nam a2200157Ia 4500
008 210210b1992 xxu||||| |||| 00| 0 eng d
020 _a81 7167 087 3
082 _a324.2092 AIYR
100 _aAIYAR (Mani Shankar).
245 _aRemembering Rajiv.
260 _aCalcutta
_bRupa & Co
_c1992
300 _a85
650 _aRajiv Gandhi
690 _aBiography
906 _a051708
999 _c100090
_d100090